Quebec cities - Statistics

General Stats
  • This quiz has been taken 39 times
  • The average score is 6 of 13
Answer Stats
Hint Answer % Correct
The most populous city Montreal
100%
The capital of the province Quebec
100%
Translates to Three Rivers Trois Rivières
85%
Very close to Ottawa Gatineau
65%
Where there is a pearced rock that has this city's name Gaspé
53%
Only city/town with exclamation points St Louis du Ha!Ha!
41%
Has almost the same name as a city in B-C Victoriaville
41%
Has a region named the same south of the St Lawrence River Laval
35%
Has a famous airport and is the name of a character in the movie Encanto Mirabel
26%
Where Celine Dion was born Charlemagne
24%
On the border with Newfoundland Fermont
15%
Has a region named the same north of St Lawrence Saguenay
15%
Former name of the above Chicoutimi
6%
No matching quizzes found
Score Distribution
Percent of People with Each Score
Percentile by Number Answered
Your Score History
You have not taken this quiz